000 00722nam a2200217Ia 4500
003 GCL
008 140319s9999 xx 000 0 ara d
040 _aGCL /
_cGCL
082 0 4 _a364.132
_bر ف
100 1 _aفؤاد سروجى
245 1 0 _aالفساد والحكم :
_bالاسباب ، العواقب ، والاصلاح /
_cفؤاد سروجى
250 _aالاولى
260 _aالاردن :
_bالاهلية للنشر والتوزيع ،
_c2003
300 _a435 ص ؛
_c24 سم
650 0 4 _aالجرائم السياسية
650 0 4 _aالرشوة
650 0 4 _aالفساد السياسى
650 0 4 _aاستغلال السلطة
650 0 4 _aقضايا الحكومة
942 _2ddc
_cBK
999 _c5827
_d5827